000 00544nam a22001817a 4500
005 20241015083139.0
008 241015b |||||||| |||| 00| 0 eng d
020 _a9781776173846
041 _aEnglish
082 _a344.1 DUT
100 _lEnglish
245 _aLabour Relations Law : A comprehensive guide /
_cD di Toit et al.
250 _aSeventh Edition
260 _aDurban:
_bLexisNexis (Pty) Ltd,
_c2023
300 _bxxii, 1098 pages;
_c26 cm.
650 _aLegal practice
_bLaw
942 _cBK
_6ALISON_BN_VRIES
999 _c3223
_d3223